Computer networking-the practice portfolio of latest questions (Record no. 85380)

MARC details
000 -LEADER
fixed length control field 00542nam a2200205Ia 4500
008 - FIXED-LENGTH DATA ELEMENTS--GENERAL INFORMATION
fixed length control field 230125s9999 xx 000 0 und d
020 ## - INTERNATIONAL STANDARD BOOK NUMBER
International Standard Book Number 81-7888-003-2
041 ## - LANGUAGE CODE
Language code of text/sound track or separate title eng
082 ## - DEWEY DECIMAL CLASSIFICATION NUMBER
Classification number 004.65
Item number JEN
100 ## - MAIN ENTRY--PERSONAL NAME
Personal name Jenkins B
9 (RLIN) 108578
245 ## - TITLE STATEMENT
Title Computer networking-the practice portfolio of latest questions
260 ## - PUBLICATION, DISTRIBUTION, ETC. (IMPRINT)
Date of publication, distribution, etc. 2001
Name of publisher, distributor, etc. Dominant publisher
Place of publication, distribution, etc. New Delhi
300 ## - PHYSICAL DESCRIPTION
Extent 240p
500 ## - GENERAL NOTE
Keywords Networking
500 ## - GENERAL NOTE
Keywords Networking
650 ## - SUBJECT ADDED ENTRY--TOPICAL TERM
Topical term or geographic name as entry element Computer Management
700 ## - ADDED ENTRY--PERSONAL NAME
Personal name Jenkins B
9 (RLIN) 108578
906 ## - LOCAL DATA ELEMENT F, LDF (RLIN)
b 56
Holdings
Withdrawn status Lost status Damaged status Not for loan Home library Current library Date acquired Vendor Cost, normal purchase price Full call number Barcode Date last seen Cost, replacement price Bill Date Koha item type Original Barcode
Withdrawn       Smt. Hiraben Nanavati Institute of Management & Research for Women Smt. Hiraben Nanavati Institute of Management & Research for Women 24/11/2001 System sales 375.00 004.65 JEN B02713 HIMR-BK-2713 25/01/2023 319.00 10/12/2001 Books B02713